The Year's Work in Modern Language Studies.

محفوظ في:

التنسيق: دورية

اللغة: Undetermined

الموضوعات:

الوصول للمادة أونلاين: Login to view Source

الوسوم: إضافة وسم

لا توجد وسوم, كن أول من يضع وسما على هذه التسجيلة!

رقم الطلب:

LEADER 00541nms a2200181Ia 4500
005 20240402061532.0
008 240131s9999||||xx |||||||||||||||||und||
999 |c 56587  |d 56587 
022 |a 0084-4152 
022 |a 2222-4297 
245 0 4 |a The Year's Work in Modern Language Studies. 
336 |2 rdacontent  |a text  |b txt 
337 |2 rdamedia  |a unmediated  |b n 
338 |2 rdacarrier  |a volume  |b n 
500 |a BRILLBRILLJ 
650 4 |a Yearbooks, annuals, almanacs. 
856 |z YWML  |u https://brill.com/view/journals/ywml/ywml-overview.xml 
942 |2 lcc  |c EJL